00242nam a2200109Ia 4500008004100000041001200041082001100053100002100064245002400085260001600109650000700125221030s9999 xx 000 0 und d aEnglish a105.23 aSourav Gupta/363 0aMICROBIAL FUEL CELL aJammuc2004 aEE